000 00497nam a2200205Ia 4500
003 OSt
005 20140426082925.0
008 140130s9999 xx 000 0 und d
020 _a0394882563
050 _aPZ 7
_b.H2474Wak 2003
100 _aHarrison, David L.
245 _cDavid L. Harrison
_aWake Up, Sun!
260 _bScholastic,
_c2003.
_aNew York :
300 _a32 p. : ;
_bcol. ill.
_c23 cm.
440 _v1
521 _aG1
526 _c170
942 _cBK
_2lcc
999 _c39916
_d39916